<?xml version="1.0" encoding="UTF-8"?><?xml-stylesheet type="text/xsl" href="static/style.xsl"?><OAI-PMH xmlns="http://www.openarchives.org/OAI/2.0/" xmlns:xsi="http://www.w3.org/2001/XMLSchema-instance" xsi:schemaLocation="http://www.openarchives.org/OAI/2.0/ http://www.openarchives.org/OAI/2.0/OAI-PMH.xsd"><responseDate>2026-06-03T22:43:25Z</responseDate><request verb="GetRecord" identifier="oai:riuma.uma.es:10630/39235" metadataPrefix="marc">https://riuma.uma.es/rest/oai/request</request><GetRecord><record><header><identifier>oai:riuma.uma.es:10630/39235</identifier><datestamp>2026-02-03T11:39:42Z</datestamp><setSpec>com_10630_2254</setSpec><setSpec>col_10630_37956</setSpec></header><metadata><record xmlns="http://www.loc.gov/MARC21/slim" xmlns:dcterms="http://purl.org/dc/terms/" xmlns:doc="http://www.lyncode.com/xoai" xmlns:xsi="http://www.w3.org/2001/XMLSchema-instance" xsi:schemaLocation="http://www.loc.gov/MARC21/slim http://www.loc.gov/standards/marcxml/schema/MARC21slim.xsd">
   <leader>00925njm 22002777a 4500</leader>
   <datafield ind2=" " ind1=" " tag="042">
      <subfield code="a">dc</subfield>
   </datafield>
   <datafield ind2=" " ind1=" " tag="720">
      <subfield code="a">Espinet González, Pilar</subfield>
      <subfield code="e">author</subfield>
   </datafield>
   <datafield ind2=" " ind1=" " tag="720">
      <subfield code="a">Barrigon-Montañés, Enrique</subfield>
      <subfield code="e">author</subfield>
   </datafield>
   <datafield ind2=" " ind1=" " tag="260">
      <subfield code="c">2024</subfield>
   </datafield>
   <datafield ind2=" " ind1=" " tag="520">
      <subfield code="a">Today, most artificial satellites, rovers, and other surface planetary exploration vehicles rely on PV systems as their main power source. The operation of such systems in space imposes particular requirements different from those described for terrestrial applications in previous chapters. This has resulted in a specific subfield of expertise in space applications within photovoltaic technology. This chapter aims to provide a brief overview of solar space PV systems. First, the use of PV for space applications is motivated, followed by a description of the types of orbits and the space environment. This particularly harsh environment determines the design and manufacturing requirements that will be presented at a solar cell, panel, and array level.</subfield>
   </datafield>
   <datafield ind1="8" ind2=" " tag="024">
      <subfield code="a">Pilar Espinet González, Enrique Barrigón Montañés, Chapter 15 - Solar PV for Space Applications, Editor(s): Marta Victoria, Fundamentals of Solar Cells and Photovoltaic Systems Engineering, Academic Press, 2025, Pages 487-504, ISBN 9780323961059, https://doi.org/10.1016/B978-0-323-96105-9.00015-X. (https://www.sciencedirect.com/science/article/pii/B978032396105900015X) Abstract: Today, most artificial satellites, rovers, and other surface planetary exploration vehicles rely on PV systems as their main power source. The operation of such systems in space imposes particular requirements different from those described for terrestrial applications in previous chapters. This has resulted in a specific subfield of expertise in space applications within photovoltaic technology. This chapter aims to provide a brief overview of solar space PV systems. First, the use of PV for space applications is motivated, followed by a description of the types of orbits and the space environment. This particularly harsh environment determines the design and manufacturing requirements that will be presented at a solar cell, panel, and array level. Keywords: space photovoltaics; space solar cell; photovoltaic assembly; coverglass; beginning-of-life efficiency; end-of-life efficiency; high-energ</subfield>
   </datafield>
   <datafield ind1="8" ind2=" " tag="024">
      <subfield code="a">https://hdl.handle.net/10630/39235</subfield>
   </datafield>
   <datafield ind1="8" ind2=" " tag="024">
      <subfield code="a">10.1016/B978-0-323-96105-9.00015-X</subfield>
   </datafield>
   <datafield tag="653" ind2=" " ind1=" ">
      <subfield code="a">Células fotovoltaicas</subfield>
   </datafield>
   <datafield tag="653" ind2=" " ind1=" ">
      <subfield code="a">Células solares</subfield>
   </datafield>
   <datafield ind2="0" ind1="0" tag="245">
      <subfield code="a">Chapter 15 - Solar PV for Space Applications.</subfield>
   </datafield>
</record>
</metadata></record></GetRecord></OAI-PMH>